header

Dynamics of flames and reactive systems (Record no. 121242)

MARC details
000 -LEADER
fixed length control field 01817nam a2200385 a 4500
082 04 - DEWEY DECIMAL CLASSIFICATION NUMBER
Classification number 629.1 s
-- 621.402/3
245 10 - TITLE STATEMENT
Title Dynamics of flames and reactive systems
260 ## - PUBLICATION, DISTRIBUTION, ETC. (IMPRINT)
Place of publication New York :
Name of publisher American Institute of Aeronautics and Astronautics,
Year of publication c1984.
300 ## - PHYSICAL DESCRIPTION
Number of Pages xvii, 767 p. :
Other physical details ill.
490 1# - SERIES STATEMENT
Series statement Progress in astronautics and aeronautics ;
500 ## - GENERAL NOTE
General note "[Revised] technical papers presented from the Ninth International Colloquium on Gasdynamics of Explosions and Reactive Systems, Poitiers, France, July 1983."
General note Companion vol. to the 9th colloquium's "Dynamics of shock waves, explosions, and detonations."
650 #0 - SUBJECT ADDED ENTRY--TOPICAL TERM
Topical Term Flame
Topical Term Combustion
700 1# - ADDED ENTRY--PERSONAL NAME
Personal name Bowen, J. R.
856 40 - ELECTRONIC LOCATION AND ACCESS
Uniform Resource Identifier http://site.ebrary.com/lib/rucke/Doc?id=10516710

No items available.

© 2026 Rongo University
Contact us: librarian | system librarian | Rongo university